000 00854nam a22002537a 4500
001 3669
003 FISKH
005 20240405095122.0
008 240405b cb ||||| |||| 00| 0 eng d
040 _aFISK
_beng
_cFISK
_dFISK
050 _aPZ7.S6795
082 _a813.6
100 _aSnicket Lemony
_d1970-
245 _aThe end /
_cLemony Snicket
260 _aLondon :
_bEgmont Books Limited,
_c2006
300 _a324 pages :
_c21 cm
490 _aA series of unfortunate events
_vbook 13
505 _aZ
520 _aLost at sea, the Baudelaire orphans, along with the evil Count Olaf, wash up on the shore of an island populated by an oddly placid group of inhabitants, and they try to decide whether or not they are truly safe.
521 8 _a1370
_bLexile
700 _aLemony Snicket
942 _2ddc
_cBK
_n0
999 _c3669
_d3669